O velho e o mar (Registo nº 136)

Detalhes MARC
000 -Etiqueta do registo
Cabeçalho 00828nam0a2200265 4500
005 - Identificador da versão
Campo de controlo 20240813121755.0
010 ## - Número internacional normalizado dos livros (ISBN)
Número (ISBN) 9723810751
021 ## - Número do Depósito Legal
Código do país PT
100 ## - Dados gerais de processamento
Dados gerais de processamento 20160513d2001 a e0pory5003 ba
102 ## - Pais de publicação ou produção
País de publicação Portugal
101 1# - Língua de publicação
Língua do texto, banda sonora, etc. Português
Língua do documento no original Inglês
215 ## - Descrição física 
Indicação específica da natureza do documento e extensão da espécie 133, [2] p
Outras indicações físicas il. color
200 1# - Titulo e menção de responsabilidade
Título próprio O velho e o mar
Primeira menção de responsabilidade Ernest Hemingway
Outras menções de responsabilidade trad. e pref. de Jorge de Sena
-- il. de Bernardo Marques
210 ## - Publicação, Distribuição, etc. 
Lugar da edição, distribuição, etc. Lisboa
Nome do editor, distribuidor, etc. Livros do Brasil
Data da publicação, distribuição, etc. 2001
300 ## - Notas gerais 
Texto da nota Plano Nacional de Leitura
606 ## - Nome comum usado como assunto
Número de registo de entrada de autoridade 0002097
Palavra de ordem Literatura americana
Subdivisão de assunto Romance
Código do sistema CA
675 ## - Classificação Decimal Universal (CDU)
Notação 821.111(73)-31
Edição 3ª ed.
Língua da edição por
702 #1 - Nome de autor-pessoa física (responsabilidade secundária)
Número de registo de entrada de autoridade 0001525
Palavra de ordem Sena
Outra parte do nome não tomada para palavra de ordem Jorge de
Código de função Autor da introdução / Prefaciador
-- Tradutor
Número de registo de entrada de autoridade 0002940
Palavra de ordem Marques
Outra parte do nome não tomada para palavra de ordem Bernardo
Código de função Ilustrador / Técnico de desenho computorizado
700 #1 - Nome de autor-pessoa física (responsabilidade principal)
Número de registo de entrada de autoridade 0002837
Palavra de ordem Hemingway
Outra parte do nome não tomada para palavra de ordem Ernest
Datas 1899-1961
966 ## - Identificação da Biblioteca
Sigla EB2,3ENM
942 ## - Elementos de entrada adicionados (Koha)
Tipo de item no Koha Livro
Exemplares
Situação do levantamento Origin of item (home branch) (coded) Biblioteca de empréstimo Código de barras Cota Circulation type (not for loan) Tipo de documento Nota do exemplar Damaged status
  Biblioteca Escolar Eng. Nuno Mergulhão Biblioteca Escolar Eng. Nuno Mergulhão BENM538 82LE-3 HEM PNL   Livro Sem mensagem